[Event "Solta op 5th"]
[Site "Grohote"]
[Date "2022.07.04"]
[Round "3"]
[White "Plenca, Jadranko"]
[Black "Siraj, Svit"]
[Result "1-0"]
[WhiteElo "2435"]
[BlackElo "1780"]
[PlyCount "63"]
[EventDate "2022.07.02"]
[EventType "swiss"]
[EventRounds "9"]
[EventCountry "CRO"]
[SourceTitle "EXT 2023"]
[Source "ChessBase"]
[SourceDate "2022.10.05"]
[SourceVersion "1"]
[SourceVersionDate "2022.10.05"]
[SourceQuality "1"]

1. e4 e5 2. Nf3 Nc6 3. Bb5 a6 4. Ba4 d6 5. c3 Bd7 6. d4 g6 7. Bg5 f6 8. Be3 Nh6 9. h3 Bg7 10. dxe5 Nxe5 11. Nxe5 dxe5 12. c4 Bxa4 13. Qxa4+ Qd7 14. Qxd7+ Kxd7 15. Nc3 Rad8 16. 0-0-0+ Kc8 17. Nd5 Nf7 18. f3 Rd7 19. h4 h5 20. Rd2 Kb8 21. Rhd1 Rhd8 22. Ne7 Rxd2 23. Rxd2 Rxd2 24. Kxd2 Nh8 25. g4 Ka8 26. Ke2 Bf8 27. Ng8 Bg7 28. Bc5 Nf7 29. gxh5 gxh5 30. Be7 Nd6 31. Bxd6 cxd6 32. Ne7 1-0

[Event "Solta op 4th"]
[Site "Grohote"]
[Date "2021.08.12"]
[Round "6"]
[White "Siraj, Svit"]
[Black "Horvat, Damjan"]
[Result "0-1"]
[WhiteElo "1719"]
[BlackElo "2146"]
[PlyCount "46"]
[EventDate "2021.08.08"]
[EventType "swiss"]
[EventRounds "9"]
[EventCountry "CRO"]
[SourceTitle "CBM 203 Extra"]
[Source "ChessBase"]
[SourceDate "2021.09.30"]
[SourceVersion "1"]
[SourceVersionDate "2021.09.30"]
[SourceQuality "1"]

1. e4 b6 2. d4 Bb7 3. Bd3 g6 4. Nf3 Bg7 5. 0-0 e6 6. Qe2 Ne7 7. c4 0-0 8. Re1 d6 9. Nc3 e5 10. d5 h6 11. h4 f5 12. h5 f4 13. g4 Bc8 14. Nh4 f3 15. Qe3 Bxg4 16. hxg6 Rf6 17. Kh2 Nxg6 18. Nf5 Nf4 19. Rh1 Rg6 20. Ng3 h5 21. Bc2 h4 22. Nf1 Bh3 23. Ng3 hxg3+ 0-1

[Event "Otocec Krka Terme op"]
[Site "Otocec"]
[Date "2021.07.10"]
[Round "9"]
[White "Siraj, Svit"]
[Black "Siraj, Vita"]
[Result "1-0"]
[WhiteElo "1689"]
[BlackElo "1620"]
[PlyCount "65"]
[EventDate "2021.07.03"]
[EventType "swiss"]
[EventRounds "9"]
[EventCountry "SLO"]
[SourceTitle "CBM 203 Extra"]
[Source "ChessBase"]
[SourceDate "2021.09.30"]
[SourceVersion "1"]
[SourceVersionDate "2021.09.30"]
[SourceQuality "1"]

1. d4 d5 2. Bf4 Nf6 3. e3 Bf5 4. c4 e6 5. Nc3 Bd6 6. Bxd6 Qxd6 7. c5 Qe7 8. Qb3 c6 9. Nf3 0-0 10. Ne5 Qc7 11. f3 Nbd7 12. g4 Nxe5 13. dxe5 Qxe5 14. gxf5 Qxe3+ 15. Ne2 Qxc5 16. fxe6 fxe6 17. Qc3 Nd7 18. Bh3 Rae8 19. Nd4 e5 20. Ne6 Qxc3+ 21. bxc3 Rxf3 22. Ng5 Rxc3 23. Bxd7 Re7 24. Be6+ Kh8 25. 0-0 g6 26. Rf6 h6 27. Nf7+ Kg7 28. Raf1 Rc4 29. Nxe5 Re4 30. Rf7+ Rxf7 31. Rxf7+ Kg8 32. Re7+ Kf8 33. Nxg6# 1-0

[Event "Otocec Krka Terme op"]
[Site "Otocec"]
[Date "2021.07.06"]
[Round "5"]
[White "Siraj, Svit"]
[Black "Ivanec, Dezider"]
[Result "0-1"]
[WhiteElo "1689"]
[BlackElo "2073"]
[PlyCount "50"]
[EventDate "2021.07.03"]
[EventType "swiss"]
[EventRounds "9"]
[EventCountry "SLO"]
[SourceTitle "CBM 203 Extra"]
[Source "ChessBase"]
[SourceDate "2021.09.30"]
[SourceVersion "1"]
[SourceVersionDate "2021.09.30"]
[SourceQuality "1"]

1. e4 c5 2. Nf3 g6 3. c3 Bg7 4. d4 cxd4 5. cxd4 d5 6. e5 Bg4 7. Nc3 Nc6 8. Bb5 e6 9. Be3 Nge7 10. h3 Bxf3 11. Qxf3 0-0 12. h4 Nf5 13. Bxc6 bxc6 14. g4 Nxe3 15. fxe3 f6 16. exf6 Rxf6 17. Qg2 Qf8 18. g5 Rf3 19. Rh3 Rf5 20. h5 gxh5 21. Rxh5 Rb8 22. Qh2 Rf1+ 23. Ke2 Rxb2+ 24. Kd3 Qf5+ 25. e4 Qf3# 0-1

[Event "Portoroz Nat Festival 30th"]
[Site "Portoroz"]
[Date "2020.09.05"]
[Round "4"]
[White "Ivanec, Dezider"]
[Black "Siraj, Svit"]
[Result "1-0"]
[WhiteElo "2089"]
[BlackElo "1615"]
[PlyCount "85"]
[EventDate "2020.09.03"]
[EventType "swiss"]
[EventRounds "9"]
[EventCountry "SLO"]
[SourceTitle "CBM 198 Extra"]
[Source "ChessBase"]
[SourceDate "2020.11.30"]
[SourceVersion "1"]
[SourceVersionDate "2020.11.30"]
[SourceQuality "1"]

1. e4 e5 2. Nf3 Nc6 3. d4 exd4 4. Bc4 Bc5 5. c3 Nf6 6. e5 d5 7. Bb5 Ne4 8. Nxd4 0-0 9. Bxc6 bxc6 10. Be3 Ba6 11. Nd2 Bxd4 12. Bxd4 Rb8 13. Nxe4 dxe4 14. b4 Qg5 15. Qd2 Qxg2 16. 0-0-0 Rfd8 17. Rhg1 Qf3 18. Rxg7+ Kxg7 19. Qg5+ Kf8 20. Qh6+ Ke8 21. Qxc6+ Rd7 22. e6 fxe6 23. Qxe6+ Re7 24. Qxa6 Rd8 25. Qxa7 e3 26. Qa4+ Kf7 27. Qb3+ Ke8 28. fxe3 Rxe3 29. Qg8+ Kd7 30. Qc4 Ke8 31. Rf1 Rxd4 32. Qg8+ Kd7 33. Rxf3 Rxf3 34. Qxh7+ Kc6 35. cxd4 Rf1+ 36. Kb2 Rf2+ 37. Qc2+ Kb5 38. Qxf2 c6 39. Kb3 Ka6 40. a4 Kb6 41. d5+ Ka6 42. Qc5 cxd5 43. Qc7 1-0

[Event "Portoroz Nat Festival 30th"]
[Site "Portoroz"]
[Date "2020.09.04"]
[Round "2"]
[White "Butala, Marjan"]
[Black "Siraj, Svit"]
[Result "0-1"]
[WhiteElo "1925"]
[BlackElo "1615"]
[PlyCount "94"]
[EventDate "2020.09.03"]
[EventType "swiss"]
[EventRounds "9"]
[EventCountry "SLO"]
[SourceTitle "CBM 198 Extra"]
[Source "ChessBase"]
[SourceDate "2020.11.30"]
[SourceVersion "1"]
[SourceVersionDate "2020.11.30"]
[SourceQuality "1"]

1. e4 e5 2. Nf3 Nc6 3. Bc4 Bc5 4. 0-0 Nf6 5. c3 Nxe4 6. d4 d5 7. Bb5 exd4 8. cxd4 Bd6 9. Nc3 0-0 10. Nxe4 dxe4 11. Ng5 Nxd4 12. Ba4 Ne6 13. Qh5 Nxg5 14. Bxg5 f6 15. Be3 Be6 16. Rfd1 Qe7 17. a3 Rfd8 18. Rd2 Be5 19. Rad1 Rxd2 20. Rxd2 Rd8 21. Bc5 Bd6 22. h3 f5 23. Qd1 b6 24. Bb4 c5 25. Bc3 Bc7 26. Rxd8+ Qxd8 27. Qh5 a6 28. g4 f4 29. Bc2 f3 30. Be5 g6 31. Bxc7 Qxc7 32. Qg5 Qb7 33. Qe5 Bd5 34. Qe8+ Kg7 35. g5 Qf7 36. Qe5+ Kg8 37. Bxe4 Bxe4 38. Qxe4 b5 39. Qa8+ Kg7 40. Qxa6 Qe7 41. Qf6+ Qxf6 42. gxf6+ Kxf6 43. Kh2 Ke5 44. Kg3 Ke4 45. Kg4 Kd3 46. b3 c4 47. bxc4 bxc4 0-1

[Event "Nova Gorica op 25th"]
[Site "Nova Gorica"]
[Date "2020.01.29"]
[Round "8"]
[White "Banovi, Alit"]
[Black "Siraj, Svit"]
[Result "1-0"]
[WhiteElo "1767"]
[BlackElo "1675"]
[PlyCount "169"]
[EventDate "2020.01.24"]
[EventType "swiss"]
[EventRounds "9"]
[EventCountry "SLO"]
[SourceTitle "CBM 194"]
[Source "ChessBase"]
[SourceDate "2020.01.27"]
[SourceVersion "1"]
[SourceVersionDate "2020.01.27"]
[SourceQuality "1"]

1. d4 d5 2. c4 e6 3. e3 Nf6 4. a3 Be7 5. Nc3 0-0 6. Nf3 b6 7. Bd3 Bb7 8. 0-0 Nbd7 9. cxd5 exd5 10. b4 c5 11. dxc5 bxc5 12. bxc5 Nxc5 13. Nd4 Rc8 14. Bb2 Qb6 15. Rb1 Nxd3 16. Qxd3 Ba6 17. Ndb5 Ne4 18. Nxd5 Qe6 19. Nxe7+ Qxe7 20. a4 Rfd8 21. Bd4 Rc3 22. Qd1 Rc4 23. f3 Bxb5 24. fxe4 Bxa4 25. Qg4 Rcxd4 26. exd4 Rxd4 27. Rb8+ Rd8 28. Qf4 Be8 29. Rxd8 Qxd8 30. e5 h6 31. h3 a6 32. Qb4 Qd7 33. Rf2 Qb5 34. Qd4 Qd7 35. Qc5 Qc6 36. Qa3 Qa4 37. Qe3 Qd1+ 38. Kh2 Qd7 39. Rd2 Qc7 40. Rd6 Bb5 41. Qd4 Qc4 42. Qd2 Qe2 43. Qf4 Qf1 44. Qe4 g6 45. Rd8+ Kg7 46. Qd4 Qc4 47. Qd2 Qe4 48. Qb2 Qf4+ 49. g3 Qe4 50. Rd1 Qe2+ 51. Qxe2 Bxe2 52. Re1 Bb5 53. g4 Bc4 54. Rc1 Bb3 55. Rc3 Bd5 56. Rc5 Bb3 57. Kg3 Kf8 58. h4 Kg7 59. Kf4 Kf8 60. g5 h5 61. Ke4 Ke7 62. Rc7+ Ke8 63. Ra7 Bc4 64. Kd4 Bb5 65. Kc5 Kf8 66. Kd6 Kg8 67. Ra8+ Kg7 68. Ke7 Bc4 69. Ra7 Bb5 70. e6 fxe6 71. Kxe6+ Kg8 72. Kf6 Bd3 73. Ke5 Bb5 74. Rc7 Bd3 75. Rc3 Bf5 76. Ra3 Bc8 77. Kd6 Kf7 78. Kc7 Bf5 79. Rxa6 Ke7 80. Rf6 Be4 81. Kb6 Bf5 82. Kc5 Be4 83. Kd4 Bc2 84. Ke5 Bd3 85. Rb6 1-0

[Event "Nova Gorica op 25th"]
[Site "Nova Gorica"]
[Date "2020.01.27"]
[Round "6"]
[White "Siraj, Svit"]
[Black "Mihelj, Edvard Danijel"]
[Result "1-0"]
[WhiteElo "1675"]
[BlackElo "1690"]
[PlyCount "109"]
[EventDate "2020.01.24"]
[EventType "swiss"]
[EventRounds "9"]
[EventCountry "SLO"]
[SourceTitle "CBM 194"]
[Source "ChessBase"]
[SourceDate "2020.01.27"]
[SourceVersion "1"]
[SourceVersionDate "2020.01.27"]
[SourceQuality "1"]

1. d4 d5 2. Bf4 Nc6 3. Nf3 Nf6 4. e3 Nh5 5. Be5 f6 6. Nh4 Nxe5 7. dxe5 g6 8. Bd3 Kf7 9. c4 fxe5 10. cxd5 Nf6 11. 0-0 e6 12. dxe6+ Bxe6 13. Nf3 Nd7 14. Nc3 Kg7 15. Qc2 Bg4 16. Be4 Rb8 17. h3 Bxf3 18. Bxf3 Nf6 19. Rfd1 Qe8 20. Nb5 c6 21. Nd6 Bxd6 22. Rxd6 Qe7 23. Qc5 Rbd8 24. Rxc6 Qxc5 25. Rxc5 e4 26. Rc7+ Kh6 27. Bg4 Nxg4 28. hxg4 Rb8 29. Rd1 Rhc8 30. Rdd7 Rxc7 31. Rxc7 Kg5 32. Rxh7 Kxg4 33. Rf7 a5 34. Rf4+ Kg5 35. Rxe4 b6 36. Re6 Kf5 37. Rc6 g5 38. f3 g4 39. Kf2 gxf3 40. gxf3 a4 41. e4+ Kg5 42. Ke3 b5 43. f4+ Kh5 44. e5 b4 45. Ra6 b3 46. Rxa4 bxa2 47. Rxa2 Kg4 48. Ra4 Rxb2 49. e6 Rb3+ 50. Ke4 Rb1 51. Ke5 Rb5+ 52. Kf6 Rb6 53. Kf7 Kf5 54. Ra5+ Kxf4 55. e7 1-0